Представление документа в формате RUSMARC

ПолеНазваниеЗначение
  Тип записи a
  Библиографический уровень a
001 Контрольный номер RU/REG73/CBS_GRAD/54ad3cf130694a5181a2c0ebaed31e56
005 Дата корректировки 20241015101430.3
100 Данные общей обработки __
a Данные общей обработки 20241015d2019 |||c0rusy0189 ca
101 Язык документа 0_
a Язык текста rus
102 Страна публикации __
a Страна публикации RU
200 Заглавие и сведения об ответственности 1_
a Заглавие Стихи
f Первые сведения об ответственности В. Манухин
300 Общие примечания __
a Общие примечания Содерж.: Горит - не сгорает; Весенний гром; О, Русь моя...
461 Уровень набора _0
1 2000
a Симбирскъ
463 Уровень физической единицы _0
1 2000
a № 1
v С. 88
1 2101
d 2019
1 001RU/REG73/CBS_GRAD/fa4de9c5b3a747338290cb7db59e944d
606 Тематические рубрики 0_
a Основная рубрика Стихи (х.л.)
610 Ключевые слова 0_
a Ключевые слова стихи димитровградских писателей, стихи о Родине местных поэтов
700 Автор _1
a Фамилия Манухин
b Имя (инициалы) В.
g Полное личное имя Валентин
4 Код отношения 070
801 Источник записи _0
a Страна RU
b Организация RuCBSGrad
c Дата составления 20241015
g Правила каталогизации RCR
801 Источник записи _1
a Страна RU
b Организация RuCBSGrad
c Дата составления 20241015
g Правила каталогизации RCR
852 Данные о местонахождении __
a Наименование организации МБУК "ЦБС г. Димитровграда"
z Тип записи R
901 Тип документа __
t Тип документа b
w Контрольный № источника RU/REG73/CBS_GRAD/fa4de9c5b3a747338290cb7db59e944d
909 Создатель записи __
a Создатель записи Тенигина
b Дата создания записи 20241015